000 00477nam a2200193Ia 4500
003 OSt
005 20260318115233.0
008 250729s2008 xx 000 0 und d
020 _a978-8125938477
040 _cAL
041 _aeng
082 _a370.1 AGGT
100 _aJ.C.Aggarwal
_9230302
245 _aTheory and principles of education
260 _aNoida (UP)
_bVikas Publishing House
_c2008
300 _a461p
650 _aEducation
_9230303
942 _2ddc
_cBED
999 _c238714
_d238714